Multiple NCAA Basketball Championships (since 2000) Quiz Stats

 Plays Quiz not verified by Sporcle

Score 0/5 Timer 03:00
1 Play Today
Titles College/University % Correct
3Duke
98.7%
3North Carolina
96.9%
2Villanova
95.4%
2Florida
85.4%
3Connecticut
83.8%

You're not logged in!

Compare scores with friends on all Sporcle quizzes.
OR
Log In

You Might Also Like...

Show Comments

Extras

Top Quizzes Today


Score Distribution

Your Account Isn't Verified!

In order to create a playlist on Sporcle, you need to verify the email address you used during registration. Go to your Sporcle Settings to finish the process.

Report this User

Report this user for behavior that violates our Community Guidelines.

Details: